000 00835nam a2200253Ia 4500
003 OSt
005 20220927105319.0
006 a|||||r|||| 00| 0
007 ta
008 220926b |||||||| |||| 00| 0 eng d
024 _a173809
037 _cReference Collections
040 _aRTL
_cRTL
_beng
041 _2eng
_aeng
082 _a"X:1:(S:44).281, P6/Th"
100 _aMathur Shruti
_9371636
245 0 _aConsumer response to stock out
_b An empirical investigation of consumers in Delhi
260 _aNew
_bDelhi University of Delhi
_c2006
300 _a"ix,137p"
_ccm.
490 _a"Dissertation, University of Delhi, Commerce(Deptt of-)"
500 _aBibliography P 130-37; Appendix P 116-29
942 _h"X:1:(S:44).281, P6/Th"
_cCC
999 _c691774
_d691774